| 000 | 01090cam a22002651 4500 | ||
|---|---|---|---|
| 001 | gs 54000022 | ||
| 003 | DLC | ||
| 005 | 20260227111401.0 | ||
| 008 | 861112s1953 bccbef b 000 0 eng c | ||
| 010 | _ags 54000022 | ||
| 035 | _a(OCoLC)14705253 | ||
| 040 |
_aU.S. Geol. Survey. Libr. _cTxDaM _dTxDaM _dOCoLC _dDLC |
||
| 042 | _apremarc | ||
| 050 | 0 | 0 |
_aTN27 _b.B72 no. 32 |
| 100 | 1 |
_aLeech, G. B. _q(Geoffrey Bosdin), _d1918- |
|
| 245 | 0 | 0 | _aGeology and mineral deposits of the Shulaps Range, southwestern British Columbia. |
| 260 |
_aVictoria, _bD. McDiarmid, Printer to the Queen, _c1953. |
||
| 300 |
_a54 p. _b15 plates, maps (1 fold. col. in pocket) plan. _c27 cm. |
||
| 490 | 1 |
_aBulletin (British Columbia. Dept. of Mines and Petroleum Resources) _vno. 32 |
|
| 504 | _aBibliography: p. 8-9. | ||
| 650 | 0 |
_aGeology _zBritish Columbia _zShulaps Range. |
|
| 650 | 0 |
_aPetrology _zBritish Columbia _zShulaps Range. |
|
| 650 | 0 |
_aMines and mineral resources _zBritish Columbia _zShulaps Range. |
|
| 830 | 0 |
_aBulletin (British Columbia. Department of Mines and Petroleum Resources) _vno. 32. |
|
| 999 |
_c28819 _d28819 |
||